000
00294nam a2200109Ia 4500
008
180323s9999 xx 000 0 und d
020
_a
894800159
100
_a
Eisenberg, Arlene
245
_a
What to eat when you're expecting /
260
_a
New York :
_b
1986
_c
Workman pub
300
_a
346 pages
999
_c
356369
_d
356369